[Event "4NCL Online Division 6"]
[Site "online"]
[Date "2021.01.26"]
[Round "1.142"]
[White "Burgoyne, Peter A"]
[Black "Dupuis, Denis K"]
[Result "1-0"]
[WhiteElo "1701"]
[BlackElo "1881"]
[PlyCount "125"]
[EventDate "2021.01.26"]
[WhiteTeam "Hackney Hungry"]
[BlackTeam "Battersea Juniors"]

1. e4 e5 2. Nf3 Nc6 3. d4 exd4 4. Bc4 Nf6 5. e5 d5 6. Bb5 Ne4 7. Nxd4 Bd7 8.
Nxc6 bxc6 9. Bd3 Nc5 10. O-O Be7 11. Nc3 O-O 12. Bf4 f6 13. Re1 fxe5 14. Bxe5
Bf6 15. Bg3 Rb8 16. Rb1 Rf7 17. Be2 Bxc3 18. bxc3 Ne4 19. Rxb8 Qxb8 20. Qd4 Qb6
21. Bd3 Qxd4 22. cxd4 Bf5 23. Rb1 Nxg3 24. hxg3 Bxd3 25. cxd3 Re7 26. Kf1 Kf7
27. Rb7 Ke6 28. Rxa7 Kd6 29. Ra5 Re8 30. f4 Re3 31. Ra3 Rxg3 32. Kf2 Rg6 33.
Kf3 c5 34. dxc5+ Kxc5 35. Rc3+ Kd4 36. Rxc7 Kxd3 37. Rd7 d4 38. Rc7 Kd2 39. f5
Rg5 40. g4 d3 41. Kf4 h6 42. a4 Ke1 43. a5 g6 44. f6 Rxa5 45. f7 Ra8 46. Re7+
Kd2 47. Re8 Ra1 48. f8=Q Rf1+ 49. Ke4 Rxf8 50. Rxf8 Kc2 51. Rc8+ Kd2 52. Rd8
Ke2 53. Rxd3 Kf2 54. Rd6 h5 55. Rxg6 h4 56. Rh6 Kg3 57. g5 h3 58. g6 h2 59. g7
Kg2 60. g8=Q+ Kh1 61. Rxh2+ Kxh2 62. Kf3 Kh3 63. Qg3# 1-0

[Event "4NCL Online Division 6"]
[Site "online"]
[Date "2021.01.26"]
[Round "1.143"]
[White "Agrawal, Shivam"]
[Black "Neame, Robert"]
[Result "1-0"]
[WhiteElo "1836"]
[BlackElo "1328"]
[PlyCount "105"]
[EventDate "2021.01.26"]
[WhiteTeam "Battersea Juniors"]
[BlackTeam "Hackney Hungry"]

1. d4 Nf6 2. Nf3 g6 3. b3 Bg7 4. Bb2 d5 5. e3 O-O 6. c4 c6 7. Nbd2 Nbd7 8. Bd3
c5 9. O-O b6 10. Qc2 Bb7 11. Rac1 Rc8 12. Qb1 cxd4 13. Bxd4 dxc4 14. Nxc4 Bxf3
15. gxf3 b5 16. Ne5 Nxe5 17. Bxe5 Qd5 18. f4 Qf3 19. Bxf6 Bxf6 20. Be4 Rxc1 21.
Bxf3 Rxb1 22. Rxb1 b4 23. Rd1 e6 24. Rd7 a5 25. Ra7 Bd8 26. Kf1 Kg7 27. Ke2 Re8
28. Ra8 h5 29. h3 Kf6 30. Bc6 Rf8 31. e4 e5 32. fxe5+ Kxe5 33. f3 Kf4 34. Bd7
f6 35. Be6 g5 36. Bf5 h4 37. Bg4 Ke5 38. Kd3 Kd6 39. Kc4 Kc6 40. Be6 Re8 41.
Bd5+ Kb6 42. Rb8+ Kc7 43. Ra8 Kb6 44. Rc8 Ka6 45. Rc6+ Ka7 46. Kb5 Re5 47. Rc8
Rxd5+ 48. exd5 Bb6 49. d6 Kb7 50. Rf8 Bd4 51. d7 Bb6 52. Rb8+ Kxb8 53. Kxb6 1-0

[Event "4NCL Online Division 6"]
[Site "online"]
[Date "2021.01.26"]
[Round "1.144"]
[White "Ellis, Bryan Timothy"]
[Black "Steiners, Emils"]
[Result "0-1"]
[WhiteElo "1249"]
[BlackElo "1613"]
[PlyCount "98"]
[EventDate "2021.01.26"]
[WhiteTeam "Hackney Hungry"]
[BlackTeam "Battersea Juniors"]

1. d4 d5 2. c4 e6 3. Nf3 Nf6 4. cxd5 exd5 5. Nc3 c6 6. Bg5 Be7 7. e3 Bg4 8. Be2
O-O 9. h3 Bh5 10. Qb3 Qb6 11. Qxb6 axb6 12. O-O Nbd7 13. a3 b5 14. b4 Rfc8 15.
Bf4 Nb6 16. Rfc1 Nc4 17. Bxc4 bxc4 18. Nd2 Bg6 19. Nf3 Bf5 20. Ne5 Ra7 21. g4
Bg6 22. Nxg6 hxg6 23. Rc2 Bxb4 24. a4 Rca8 25. Bc7 Bxc3 26. Rxc3 Rxa4 27. Rxa4
Rxa4 28. Bb6 Ne4 29. Rc2 Ra6 30. f3 Ng5 31. h4 Nxf3+ 32. Kf2 Rxb6 33. Kxf3 Rb3
34. Ke2 Rd3 35. Ra2 Kf8 36. Ra8+ Ke7 37. Rb8 b5 38. Rb7+ Ke6 39. Rb6 Kd6 40.
Rb8 Ra3 41. Rd8+ Kc7 42. Rf8 Ra2+ 43. Kd1 Rg2 44. Rxf7+ Kb6 45. Rxg7 Rxg4 46.
h5 gxh5 47. Rf7 h4 48. Rf2 h3 49. Ke2 Rg2 0-1

[Event "4NCL Online Division 6"]
[Site "online"]
[Date "2021.01.26"]
[Round "1.151"]
[White "Gardner, Tim"]
[Black "Young, Andy"]
[Result "1-0"]
[WhiteElo "1637"]
[BlackElo "1563"]
[PlyCount "133"]
[EventDate "2021.01.26"]
[WhiteTeam "Barnet Knights C"]
[BlackTeam "Lerryn Clowns"]

1. e4 c6 2. d4 d5 3. exd5 cxd5 4. Nf3 Bf5 5. Bd3 Bg6 6. O-O Nc6 7. Be3 e6 8. c4
Nf6 9. Nc3 Bxd3 10. Qxd3 dxc4 11. Qxc4 Bd6 12. Rad1 O-O 13. Bg5 Be7 14. Ne5 Na5
15. Qe2 Nd7 16. Be3 f6 17. Nxd7 Qxd7 18. Qg4 f5 19. Qg3 Bf6 20. Ne2 Nc4 21. Bc1
Nd6 22. Nf4 Ne4 23. Qb3 Kh8 24. Nxe6 Rfe8 25. d5 b6 26. Qf3 Nd6 27. b3 Rac8 28.
Bf4 Rc3 29. Rd3 Rxd3 30. Qxd3 Ne4 31. Rd1 Nc3 32. Rd2 Nxd5 33. g3 Rxe6 34. Qxd5
Qxd5 35. Rxd5 h6 36. Rxf5 Re2 37. a4 Bd4 38. Bb8 a5 39. Kf1 Rb2 40. Rf3 Kh7 41.
h4 Kg6 42. Bc7 Kh5 43. Kg2 Kg6 44. g4 Rc2 45. h5+ Kh7 46. Bd8 Rd2 47. Be7 Re2
48. Bh4 Rd2 49. g5 hxg5 50. Bxg5 Rc2 51. Kg3 Rc5 52. Kg4 Rc3 53. Rxc3 Bxc3 54.
f4 g6 55. hxg6+ Kxg6 56. f5+ Kf7 57. Kf3 Bb4 58. Ke4 Bc5 59. Kd5 Bf2 60. Kc6
Bd4 61. Bd8 Be3 62. Bxb6 Bxb6 63. Kxb6 Kf6 64. Kxa5 Kxf5 65. Kb6 Ke6 66. a5 Kd7
67. Kb7 1-0

[Event "4NCL Online Division 6"]
[Site "online"]
[Date "2021.01.26"]
[Round "1.152"]
[White "Jenkins, David R"]
[Black "Grose, Kameron"]
[Result "0-1"]
[WhiteElo "1423"]
[BlackElo "1574"]
[PlyCount "128"]
[EventDate "2021.01.26"]
[WhiteTeam "Lerryn Clowns"]
[BlackTeam "Barnet Knights C"]

1. e4 c5 2. Nc3 d6 3. Nf3 Nf6 4. e5 dxe5 5. Nxe5 e6 6. Bb5+ Bd7 7. Nxd7 Nbxd7
8. d3 a6 9. Bxd7+ Qxd7 10. Bg5 Be7 11. Qe2 O-O 12. O-O Rfe8 13. Rae1 Nd5 14.
Nxd5 Qxd5 15. Bxe7 Rxe7 16. c4 Qd4 17. b3 Rd8 18. Qe5 Qxe5 19. Rxe5 b6 20. Rd1
Red7 21. Re3 Rd4 22. f3 Kf8 23. Kf2 Ke7 24. Ke2 g6 25. Re4 Rxe4+ 26. fxe4 e5
27. g4 g5 28. Rf1 Rh8 29. Rf5 f6 30. Kf3 h5 31. h3 hxg4+ 32. Kxg4 Rh4+ 33. Kg3
Ke6 34. Rf3 Rh8 35. Kg4 b5 36. cxb5 axb5 37. Kg3 Rh4 38. Rf5 Rf4 39. a4 Kd6 40.
h4 gxh4+ 41. Kg2 Rxf5 42. exf5 bxa4 43. bxa4 Kc6 44. Kh3 Kb6 45. Kxh4 Ka5 46.
Kh5 e4 47. dxe4 c4 48. Kg6 c3 49. Kxf6 c2 50. e5 c1=Q 51. e6 Qh6+ 52. Ke7 Qg7+
53. Kd6 Qf6 54. Kd7 Qxf5 55. Ke7 Kxa4 56. Kd7 Qd5+ 57. Ke7 Kb5 58. Kf6 Qf3+ 59.
Ke5 Qf8 60. Kd5 Kb6 61. Ke5 Kc7 62. Kd5 Kd8 63. Kc6 Ke7 64. Kd5 Qf5+ 0-1

[Event "4NCL Online Division 6"]
[Site "online"]
[Date "2021.01.26"]
[Round "1.153"]
[White "Sarkar, Rian"]
[Black "Reid, Mark"]
[Result "0-1"]
[WhiteElo "1526"]
[BlackElo "1440"]
[PlyCount "150"]
[EventDate "2021.01.26"]
[WhiteTeam "Barnet Knights C"]
[BlackTeam "Lerryn Clowns"]

1. d4 d5 2. c4 c6 3. Nc3 Nf6 4. Nf3 e6 5. Bg5 Be7 6. Rc1 Nbd7 7. e3 O-O 8. cxd5
Nxd5 9. Bxe7 Qxe7 10. Bd3 N5f6 11. O-O e5 12. Nd2 exd4 13. exd4 Nb6 14. Nde4
Nbd5 15. Re1 Qc7 16. Nxf6+ Nxf6 17. d5 cxd5 18. Nxd5 Qd8 19. Nxf6+ Qxf6 20. Qc2
h6 21. Be4 Qa6 22. a3 Be6 23. Qc7 Rab8 24. Qe7 Rfe8 25. Qb4 b6 26. Rc6 Rbc8 27.
Rec1 Rxc6 28. Rxc6 Qe2 29. Bf3 Qe5 30. h3 Bd5 31. Bxd5 Qxd5 32. Rd6 Qf5 33. Qd2
Re7 34. Rxb6 axb6 35. Qd8+ Kh7 36. Qxe7 Qb1+ 37. Kh2 Qxb2 38. Qxf7 Qxa3 39.
Qf5+ Kg8 40. Qe6+ Kh7 41. Qxb6 Qf8 42. Qb1+ Kh8 43. Qc2 Qf6 44. Qe2 Qb6 45.
Qe8+ Kh7 46. Qe4+ Kh8 47. Qe3 Qf6 48. g4 Qd6+ 49. Qg3 Qc5 50. Qe3 Qc7+ 51. Kg2
Qc6+ 52. Qf3 Qc5 53. Qf5 Qc6+ 54. Kg3 Qc3+ 55. Qf3 Qc7+ 56. Kg2 Qc5 57. Qa8+
Kh7 58. Qe4+ Kh8 59. f4 Qc1 60. f5 Qd2+ 61. Kg3 Qd6+ 62. Kf3 Qd1+ 63. Kf4 Qd6+
64. Kf3 Qd1+ 65. Kg3 Qd6+ 66. Qf4 Qd3+ 67. Kh4 Qd8+ 68. g5 hxg5+ 69. Qxg5 Qd4+
70. Kh5 Qd3 71. Kg6 Qd6+ 72. Kf7 Qd7+ 73. Kf8 Qc8+ 74. Kf7 Qd7+ 75. Kg6 Qe8#
0-1

[Event "4NCL Online Division 6"]
[Site "online"]
[Date "2021.01.26"]
[Round "1.154"]
[White "Knight, Steven"]
[Black "Angelopoulos, Andreas"]
[Result "0-1"]
[WhiteElo "1417"]
[BlackElo "1509"]
[PlyCount "66"]
[EventDate "2021.01.26"]
[WhiteTeam "Lerryn Clowns"]
[BlackTeam "Barnet Knights C"]

1. e4 c5 2. f4 Nc6 3. Nf3 d6 4. Bc4 g6 5. O-O Bg7 6. Bxf7+ Kxf7 7. Ng5+ Ke8 8.
c3 h6 9. Nf3 Bg4 10. d3 Nf6 11. Qb3 Qb6 12. Qc2 c4+ 13. d4 e5 14. fxe5 dxe5 15.
Be3 Rd8 16. Qf2 Nxe4 17. Qe2 exd4 18. cxd4 Bxd4 19. Bxd4 Nxd4 20. Qxc4 Nxf3+
21. Kh1 Nf2+ 22. Rxf2 Qxf2 23. Qe4+ Kf7 24. Qc4+ Kg7 25. Nc3 Bh3 26. Qc7+ Rd7
27. Qg3 Qxg2+ 28. Qxg2 Bxg2+ 29. Kxg2 Nh4+ 30. Kh3 Nf5 31. Re1 Re7 32. Rd1 Rhe8
33. Kg4 Ne3+ 0-1

[Event "4NCL Online Division 6"]
[Site "online"]
[Date "2021.01.26"]
[Round "1.161"]
[White "Marshall, W John"]
[Black "Cooper, Malcolm H"]
[Result "0-1"]
[WhiteElo "1773"]
[BlackElo "1808"]
[PlyCount "86"]
[EventDate "2021.01.26"]
[WhiteTeam "Horsham 2"]
[BlackTeam "Farnham B"]

1. e4 c5 2. Nf3 Nc6 3. d4 cxd4 4. Nxd4 Nf6 5. Nc3 e5 6. Nf3 Bb4 7. Bd3 d5 8.
exd5 Nxd5 9. Bd2 Nxc3 10. Bxc3 Bxc3+ 11. bxc3 O-O 12. O-O Be6 13. Re1 f6 14.
Qe2 Qc7 15. Bc4 Bxc4 16. Qxc4+ Qf7 17. Qxf7+ Kxf7 18. Red1 Rfd8 19. Rab1 b6 20.
Kf1 Ke6 21. Ke2 Rxd1 22. Rxd1 Rd8 23. Rxd8 Nxd8 24. Kd3 Nb7 25. Nd2 Nd6 26. c4
Nb7 27. f3 Nc5+ 28. Kc3 h5 29. Kb4 a6 30. a4 Kd6 31. a5 bxa5+ 32. Kxa5 f5 33.
Kb4 e4 34. fxe4 fxe4 35. Kc3 Ke5 36. Nb3 Na4+ 37. Kd2 Nb6 38. c5 Na4 39. Ke3
Kd5 40. h4 Nxc5 41. Nxc5 Kxc5 42. Kxe4 Kc4 43. Ke5 a5 0-1

[Event "4NCL Online Division 6"]
[Site "online"]
[Date "2021.01.26"]
[Round "1.162"]
[White "Frostick, Helen M"]
[Black "Snook-Lumb, Chris"]
[Result "1-0"]
[WhiteElo "1697"]
[BlackElo "1715"]
[PlyCount "89"]
[EventDate "2021.01.26"]
[WhiteTeam "Farnham B"]
[BlackTeam "Horsham 2"]

1. e4 e6 2. d4 d5 3. Nd2 c6 4. c3 g6 5. Ngf3 Bg7 6. Bd3 Ne7 7. O-O Nd7 8. Re1
Qc7 9. Nf1 dxe4 10. Bxe4 Nf6 11. Bc2 b6 12. Bg5 h6 13. Bh4 Nf5 14. Bxf5 gxf5
15. Ne5 Bb7 16. Bg3 Ne4 17. Bf4 Qe7 18. f3 Ng5 19. Qa4 Bxe5 20. Rxe5 Rg8 21.
Kf2 Ne4+ 22. fxe4 f6 23. exf5 fxe5 24. Bxe5 Qg5 25. Ne3 exf5 26. g3 Kd7 27. Rf1
h5 28. d5 h4 29. dxc6+ Bxc6 30. Qd4+ Kc8 31. Qd6 hxg3+ 32. hxg3 Kb7 33. Qc7+
Ka6 34. Qxc6 Qe7 35. Qc4+ Kb7 36. Qd5+ Ka6 37. Qc4+ Kb7 38. Qd5+ Ka6 39. Nxf5
Rgf8 40. Kg2 Qh7 41. Qc4+ Kb7 42. Qe4+ Ka6 43. Qc4+ Kb7 44. Nd6+ Kb8 45. Rxf8#
1-0

[Event "4NCL Online Division 6"]
[Site "online"]
[Date "2021.01.26"]
[Round "1.163"]
[White "Barrowclough, Richard"]
[Black "Bourke, Matt"]
[Result "1-0"]
[WhiteElo "1555"]
[BlackElo "1600"]
[PlyCount "61"]
[EventDate "2021.01.26"]
[WhiteTeam "Horsham 2"]
[BlackTeam "Farnham B"]

1. e4 e5 2. Bc4 Nf6 3. d4 Nxe4 4. dxe5 Bc5 5. Qd5 Qe7 6. Qxe4 c6 7. Nc3 O-O 8.
Be3 Bb4 9. Bd3 g6 10. Nf3 Re8 11. Nd2 b5 12. Nxb5 d5 13. exd6 Qxe4 14. Bxe4
Rxe4 15. Nc7 Bb7 16. Nxa8 Bxa8 17. c3 Rxe3+ 18. fxe3 Bxd6 19. O-O Nd7 20. Ne4
Be5 21. Rad1 c5 22. Rxd7 Bxe4 23. Rfxf7 Bf5 24. Rxa7 Bb8 25. Rxh7 Bxa7 26. Rxa7
Bd3 27. a4 Kf8 28. Rc7 c4 29. a5 Ke8 30. a6 Kd8 31. Rc5 1-0

[Event "4NCL Online Division 6"]
[Site "online"]
[Date "2021.01.26"]
[Round "1.164"]
[White "Young, Jonathan G"]
[Black "Trofin, Marian"]
[Result "0-1"]
[WhiteElo "1546"]
[BlackElo "1520"]
[PlyCount "90"]
[EventDate "2021.01.26"]
[WhiteTeam "Farnham B"]
[BlackTeam "Horsham 2"]

1. c4 e5 2. Nc3 Nf6 3. g3 Nc6 4. Bg2 a6 5. d3 h6 6. Nf3 Bc5 7. O-O d6 8. a3 Bg4
9. h3 Bh5 10. b4 Ba7 11. Rb1 Rb8 12. Bd2 O-O 13. Qc1 Nd4 14. Re1 c6 15. Nxd4
Bxd4 16. e3 Ba7 17. Qc2 Bg6 18. e4 Rc8 19. Be3 Bb8 20. Qd2 b5 21. Rbc1 Qd7 22.
Kh2 Nh7 23. f4 exf4 24. Bxf4 f5 25. e5 dxe5 26. Bxe5 bxc4 27. d4 f4 28. Bxb8
Rxb8 29. gxf4 Nf6 30. Qe2 Qxd4 31. Qe5 Qd2 32. Rcd1 Qf2 33. Rf1 Qh4 34. Kg1
Rbe8 35. Qc7 Qg3 36. Qxc6 Qxc3 37. Rc1 Qe3+ 38. Kh1 Be4 39. Qxc4+ Kh8 40. Bxe4
Nxe4 41. Rc2 Ng3+ 42. Kg2 Nxf1 43. Qxf1 Rxf4 44. Qxa6 Qe4+ 45. Kh2 Qxc2+ 0-1

[Event "4NCL Online Division 6"]
[Site "online"]
[Date "2021.02.09"]
[EventDate "2021.02.09"]
[Round "2.11"]
[White "Gardner, Phillip K"]
[WhiteElo "1891"]
[WhiteTeam "Deaf England"]
[Black "Doubleday, Peter"]
[BlackElo "1420"]
[BlackTeam "Cornish Wreckers"]
[Result "1-0"]
[PlyCount "123"]

1. e4 c6 2. d4 d5 3. exd5 cxd5 4. Bd3 Nc6 5. c3 Nf6 6. Bf4 e6 7. Nd2 Bd6 8. Bxd6 Qxd6 9. Ngf3 O-O 10. O-O e5 11. dxe5 Nxe5 12. Nxe5 Qxe5 13. Nf3 Qd6 14. h3 Re8 15. Qc2 h6 16. Rad1 Qb6 17. Nd4 Bd7 18. Rfe1 Rxe1+ 19. Rxe1 Re8 20. Rxe8+ Bxe8 21. Qe2 Qc7 22. Nf5 Kf8 23. g4 Bc6 24. Qe3 b6 25. Qd4 Qd8 26. Qb4+ Ke8 27. Nxg7+ Kd7 28. Nf5 Kc7 29. Qf4+ Kb7 30. Nd6+ Ka8 31. Nxf7 Qe7 32. Ne5 Bb7 33. f3 Ng8 34. Kf2 Qh4+ 35. Qg3 Qf6 36. f4 Ne7 37. Nd7 Qc6 38. Ne5 Qc5+ 39. Qe3 Qd6 40. Nf7 Qf6 41. Nd8 Qh4+ 42. Qg3 Qf6 43. Nxb7 Kxb7 44. Qe3 Qd6 45. Qd4 Kc7 46. Kf3 Qe6 47. Qe5+ Qxe5 48. fxe5 Nc6 49. Kf4 Ne7 50. h4 Kd7 51. Bf5+ Ke8 52. g5 hxg5+ 53. Kxg5 Kf7 54. h5 Kg7 55. e6 Kg8 56. Kf6 Kf8 57. Bg6 Ng8+ 58. Ke5 Ke7 59. Kxd5 Nh6 60. b4 Ng8 61. Bf7 Nf6+ 62. Kc6 1-0

[Event "4NCL Online Division 6"]
[Site "online"]
[Date "2021.02.09"]
[EventDate "2021.02.09"]
[Round "2.12"]
[White "Taylor, Russell"]
[WhiteElo "1400"]
[WhiteTeam "Cornish Wreckers"]
[Black "MacLeod, Alasdair"]
[BlackElo "1818"]
[BlackTeam "Deaf England"]
[Result "0-1"]
[PlyCount "68"]

1. d4 Nf6 2. c4 g6 3. Nc3 Bg7 4. e3 O-O 5. Nf3 d6 6. Be2 Nbd7 7. O-O e5 8. d5 a5 9. e4 Nc5 10. Qc2 h6 11. Be3 b6 12. Bxc5 bxc5 13. a4 Ne8 14. Bd3 f5 15. Nd2 f4 16. Nf3 g5 17. h3 h5 18. Be2 g4 19. hxg4 hxg4 20. Nh2 Qh4 21. Qd3 Rf6 22. g3 Qh5 23. gxf4 exf4 24. Rfd1 Rh6 25. Bxg4 Qxh2+ 26. Kf1 Qh1+ 27. Ke2 Bxg4+ 28. Kd2 Bxd1 29. Rxd1 Qg2 30. Rf1 Rh3 31. Qe2 Qf3 32. Qe1 Bxc3+ 33. bxc3 Qxc3+ 34. Kd1 Rd3+ 0-1

[Event "4NCL Online Division 6"]
[Site "online"]
[Date "2021.02.09"]
[EventDate "2021.02.09"]
[Round "2.13"]
[White "Dwek, Ilan G"]
[WhiteElo "1665"]
[WhiteTeam "Deaf England"]
[Black "Evdokimova, Maria"]
[BlackElo "1369"]
[BlackTeam "Cornish Wreckers"]
[Result "1-0"]
[PlyCount "67"]

1. e4 g6 2. d4 Bg7 3. Nf3 e6 4. Bd3 Ne7 5. O-O O-O 6. c3 Nbc6 7. Be3 a6 8. Qd2 d5 9. e5 Nf5 10. Bxf5 exf5 11. Bh6 Na5 12. Na3 b5 13. Bxg7 Kxg7 14. b4 Nc4 15. Nxc4 dxc4 16. d5 Bb7 17. Rad1 Re8 18. Qd4 Kg8 19. Rfe1 Rb8 20. a3 g5 21. h3 h5 22. g4 h4 23. gxf5 f6 24. e6 Bxd5 25. Qxd5 Qxd5 26. Rxd5 c6 27. Rd7 Rbd8 28. Red1 Rc8 29. Ra7 Kf8 30. Rf7+ Kg8 31. Rxf6 Rc7 32. Rd7 Rcc8 33. Nxg5 c5 34. Rg6+ 1-0

[Event "4NCL Online Division 6"]
[Site "online"]
[Date "2021.02.09"]
[EventDate "2021.02.09"]
[Round "2.14"]
[White "Brown, Hugh"]
[WhiteElo "1269"]
[WhiteTeam "Cornish Wreckers"]
[Black "Hunter, Gary"]
[BlackElo "1498"]
[BlackTeam "Deaf England"]
[Result "1/2-1/2"]
[PlyCount "71"]

1. Nf3 d5 2. d4 Nf6 3. g3 e6 4. Bg2 Be7 5. O-O O-O 6. Nbd2 Nbd7 7. c4 c6 8. c5 b6 9. b4 a5 10. Bb2 axb4 11. a3 bxa3 12. Rxa3 Rxa3 13. Bxa3 bxc5 14. e3 cxd4 15. Bxe7 Qxe7 16. Nxd4 Ba6 17. Re1 Rb8 18. Nxc6 Qd6 19. Nxb8 Qxb8 20. Qc2 Qd6 21. Ra1 g6 22. Bf1 Bxf1 23. Ra8+ Kg7 24. Kxf1 Qb4 25. Nf3 Qg4 26. Kg2 e5 27. Ra4 e4 28. Ng1 h5 29. h4 g5 30. Qe2 Qf5 31. hxg5 Qxg5 32. Nh3 Qg6 33. Nf4 Qg5 34. Nh3 Qg6 35. Nf4 Qg5 36. Nh3 1/2-1/2

[Event "4NCL Online Division 6"]
[Site "online"]
[Date "2021.02.09"]
[EventDate "2021.02.09"]
[Round "2.21"]
[White "Chatys, Tim"]
[WhiteElo "1788"]
[WhiteTeam "Ashton 1"]
[Black "Gardiner, Harry"]
[BlackElo "1651"]
[BlackTeam "Crewe BOL"]
[Result "1-0"]
[PlyCount "110"]

1. e4 c5 2. f4 Nc6 3. Nf3 e6 4. Bb5 a6 5. Bxc6 bxc6 6. c4 Bb7 7. O-O d5 8. exd5 cxd5 9. Qa4+ Qd7 10. Qxd7+ Kxd7 11. Nc3 dxc4 12. Ne5+ Ke8 13. Nxc4 Nf6 14. d3 Rd8 15. Rd1 Bd6 16. Be3 Be7 17. Na4 Nd5 18. Nxc5 Nxe3 19. Nxb7 Rd7 20. Nxe3 Rxb7 21. b3 Bc5 22. d4 Bb6 23. Nc4 Ke7 24. Nxb6 Rxb6 25. Rac1 Rd8 26. Kf2 Kf6 27. Ke3 Rbd6 28. b4 Kf5 29. Rc5+ Rd5 30. a4 f6 31. Rdc1 Kg6 32. Rxd5 exd5 33. Rc6 Rb8 34. Rxa6 Rxb4 35. Ra5 Rb3+ 36. Kf2 Rb2+ 37. Kg3 Rb3+ 38. Kh4 Rb4 39. Rxd5 Rxa4 40. Rd7 Ra2 41. Kh3 Ra3+ 42. g3 Rd3 43. d5 Rd2 44. d6 f5 45. Rd8 Kf6 46. d7 Ke7 47. Rg8 Rxd7 48. Rxg7+ Ke6 49. Rxd7 Kxd7 50. Kh4 Ke7 51. Kg5 Ke6 52. Kh6 Kf6 53. h4 Kf7 54. Kxh7 Kf6 55. Kh6 Kf7 1-0

[Event "4NCL Online Division 6"]
[Site "online"]
[Date "2021.02.09"]
[EventDate "2021.02.09"]
[Round "2.22"]
[White "Price, David P"]
[WhiteElo "1555"]
[WhiteTeam "Crewe BOL"]
[Black "Acharya, Kandara"]
[BlackElo "1654"]
[BlackTeam "Ashton 1"]
[Result "1-0"]
[PlyCount "93"]

1. Nf3 Nf6 2. d4 g6 3. e3 Bg7 4. Bd3 O-O 5. Nbd2 d6 6. c3 c5 7. O-O b6 8. Re1 Bb7 9. e4 Nbd7 10. Nf1 e5 11. d5 a6 12. c4 Rb8 13. h3 Ba8 14. Be3 b5 15. b3 Ne8 16. Ng5 Nc7 17. Rb1 Nf6 18. Ng3 Qd7 19. Nf3 Bb7 20. Qd2 bxc4 21. bxc4 Qa4 22. Nh4 Ba8 23. f4 Rxb1 24. Rxb1 Qe8 25. Qa5 exf4 26. Bxf4 Qe7 27. Qb6 Rd8 28. Nf3 h6 29. Re1 g5 30. Nf5 Qd7 31. Bxd6 Nce8 32. Bxc5 Bb7 33. Ne5 Qc7 34. Qxc7 Nxc7 35. Bb6 Nfe8 36. Nxg7 Kxg7 37. Rf1 f6 38. Ng4 Rd6 39. Bd4 h5 40. e5 Rd8 41. exf6+ Kf7 42. Nh6+ Kf8 43. Bc5+ Nd6 44. Rf5 Ne8 45. f7 Ng7 46. Rxg5 a5 47. Rg6 1-0

[Event "4NCL Online Division 6"]
[Site "online"]
[Date "2021.02.09"]
[EventDate "2021.02.09"]
[Round "2.23"]
[White "McBeath, Joel"]
[WhiteElo "1638"]
[WhiteTeam "Ashton 1"]
[Black "Nienaber, Kobus"]
[BlackElo "1472"]
[BlackTeam "Crewe BOL"]
[Result "1-0"]
[PlyCount "82"]

1. e4 d5 2. exd5 Qxd5 3. Nf3 Bg4 4. Be2 Nc6 5. d4 O-O-O 6. c4 Qh5 7. Be3 e6 8. O-O Nf6 9. Nc3 Bc5 10. a3 Bxd4 11. Nxd4 Nxd4 12. Bxd4 Bxe2 13. Nxe2 e5 14. Qd3 exd4 15. Nxd4 Qc5 16. Rad1 Rhe8 17. b4 Qh5 18. Qf5+ Qxf5 19. Nxf5 Rxd1 20. Rxd1 g6 21. Ne3 Re4 22. h3 b6 23. g4 h5 24. gxh5 Nxh5 25. Kg2 Nf4+ 26. Kf3 f5 27. Rg1 c5 28. bxc5 bxc5 29. Nd5 Nxd5 30. cxd5 Rd4 31. Rxg6 Rxd5 32. h4 c4 33. Rc6+ Kb7 34. Rxc4 Rd3+ 35. Kf4 Rxa3 36. Kxf5 Rh3 37. Kg5 a5 38. h5 Rh2 39. f4 Rg2+ 40. Kf6 Kb6 41. h6 Kb5 1-0

[Event "4NCL Online Division 6"]
[Site "online"]
[Date "2021.02.09"]
[EventDate "2021.02.09"]
[Round "2.24"]
[White "Gardner, Nigel"]
[WhiteElo "1386"]
[WhiteTeam "Crewe BOL"]
[Black "Supatan, Denzel"]
[BlackElo "1632"]
[BlackTeam "Ashton 1"]
[Result "1/2-1/2"]
[PlyCount "84"]

1. c4 e6 2. Nc3 Nf6 3. g3 d5 4. cxd5 Nxd5 5. Bg2 Nc6 6. Nf3 Bc5 7. O-O O-O 8. a3 a6 9. d3 Nf6 10. Bg5 Be7 11. b4 h6 12. Be3 Nd5 13. Nxd5 exd5 14. Qc1 Bf6 15. Rb1 Be6 16. Bd2 Qe7 17. Qc5 Rfd8 18. Qxe7 Nxe7 19. e3 Ng6 20. d4 Bf5 21. Rbc1 c6 22. Bc3 Re8 23. Rfe1 Rad8 24. h3 Be4 25. Nd2 Bxg2 26. Kxg2 Nf8 27. Nf3 Nd7 28. a4 Nb6 29. a5 Nc4 30. Nd2 Nxd2 31. Bxd2 Kh7 32. f4 g5 33. Kf3 Kg6 34. Re2 Bg7 35. Rce1 f5 36. Bc3 Re4 37. fxg5 hxg5 38. h4 g4+ 39. Kf2 Kh5 40. Kg2 Bh6 41. Bd2 Rde8 42. Kf2 Kg6 1/2-1/2

[Event "4NCL Online Division 6"]
[Site "online"]
[Date "2021.02.09"]
[EventDate "2021.02.09"]
[Round "2.31"]
[White "Cooney, Thomas"]
[WhiteElo "1568"]
[WhiteTeam "St Benildus D"]
[Black "Wilby, Robert G"]
[BlackElo "1647"]
[BlackTeam "Plymouth 2"]
[Result "0-1"]
[PlyCount "110"]

1. e4 e5 2. Nf3 d6 3. Bc4 c6 4. Nc3 Nd7 5. d3 h6 6. O-O Ngf6 7. d4 Qc7 8. d5 Be7 9. Re1 g5 10. Bb3 Nf8 11. Qd3 Ng6 12. h3 Rg8 13. dxc6 bxc6 14. Ba4 Bd7 15. Ne2 Nf4 16. Nxf4 gxf4 17. Kh1 Qc8 18. Ng1 Nh7 19. b3 Bh4 20. Re2 Rg6 21. Ba3 Be7 22. c4 Qa6 23. Qc2 c5 24. Bxd7+ Kxd7 25. Bb2 Rag8 26. f3 Ke8 27. a3 Qc8 28. b4 Nf8 29. Qa4+ Qd7 30. Qxd7+ Nxd7 31. b5 Nb6 32. Rf2 Nxc4 33. a4 Ne3 34. a5 Bd8 35. Bc3 Rxg2 36. Rxg2 Rxg2 37. Rb1 Rc2 38. Be1 Nf1 39. Ne2 Rxe2 40. b6 axb6 41. axb6 Bxb6 42. Rxb6 Rxe1 43. Rxd6 Ng3+ 44. Kg2 Re2+ 45. Kg1 c4 46. Rc6 Rc2 47. Rc5 f6 48. Rc6 Kf7 49. Rc7+ Kg6 50. Rc6 c3 51. Rc5 Rc1+ 52. Kf2 c2 53. Kg2 Ne2 54. Kf2 Nd4 55. Kg2 Ra1 0-1

[Event "4NCL Online Division 6"]
[Site "online"]
[Date "2021.02.09"]
[EventDate "2021.02.09"]
[Round "2.32"]
[White "Wood, Paul E"]
[WhiteElo "1588"]
[WhiteTeam "Plymouth 2"]
[Black "Brady, Fearghal"]
[BlackElo "1499"]
[BlackTeam "St Benildus D"]
[Result "0-1"]
[PlyCount "70"]

1. c4 Nf6 2. Nc3 g6 3. d4 d6 4. e4 Bg7 5. Nf3 O-O 6. h3 c5 7. Be3 Nc6 8. a3 b6 9. d5 Ne5 10. Nxe5 dxe5 11. Bd3 a6 12. O-O Qd6 13. Rb1 Nh5 14. b4 Nf4 15. Kh2 Qf6 16. bxc5 Qh4 17. Bxf4 exf4 18. Na4 bxc5 19. Qf3 g5 20. Kg1 Bh6 21. Be2 g4 22. hxg4 Kh8 23. Qh3 Qg5 24. Nxc5 Rg8 25. f3 Bg7 26. Rfd1 Be5 27. Qh5 Qf6 28. Nb3 Rg6 29. c5 Rh6 30. g5 Bd4+ 31. Kf1 Rxh5 32. Nxd4 Qxg5 33. Nf5 Bxf5 34. exf5 Rh1+ 35. Kf2 Qg3# 0-1

[Event "4NCL Online Division 6"]
[Site "online"]
[Date "2021.02.09"]
[EventDate "2021.02.09"]
[Round "2.33"]
[White "Lievens, Karel"]
[WhiteElo "1512"]
[WhiteTeam "St Benildus D"]
[Black "Caleshu, Caleb"]
[BlackElo "1505"]
[BlackTeam "Plymouth 2"]
[Result "0-1"]
[PlyCount "110"]

1. e4 e5 2. Nf3 Nc6 3. Nc3 Nf6 4. d4 exd4 5. Nxd4 Bb4 6. Nxc6 bxc6 7. Bd3 O-O 8. O-O Re8 9. Bg5 h6 10. Bh4 d5 11. exd5 Bxc3 12. bxc3 cxd5 13. Qd2 Be6 14. Bb5 Rf8 15. Rab1 Ne4 16. Bxd8 Nxd2 17. Be7 Rfc8 18. Bc6 Nxf1 19. Bxa8 Nxh2 20. Kxh2 Rxa8 21. Rb7 Bf5 22. Rxc7 Bxc2 23. Rd7 Bb1 24. Rxd5 Bxa2 25. Rd8+ Rxd8 26. Bxd8 Kf8 27. Kg3 Ke8 28. Ba5 Kd7 29. Kf4 Ke6 30. Ke4 Bd5+ 31. Kd4 Bxg2 32. Bc7 a6 33. Kc5 Bf1 34. Bd6 g5 35. Bf8 h5 36. c4 h4 37. Kb4 h3 38. c5 h2 39. c6 h1=Q 40. Kc5 Qd5+ 41. Kb6 Bb5 42. c7 Qc6+ 43. Ka5 Qxc7+ 44. Kb4 Qc4+ 45. Ka5 Qa4+ 46. Kb6 a5 47. Bg7 f6 48. f4 gxf4 49. Bf8 f3 50. Bc5 Qc4 51. Bf2 a4 52. Kb7 a3 53. Kb6 a2 54. Kb7 a1=Q 55. Kb6 Qa6# 0-1

[Event "4NCL Online Division 6"]
[Site "online"]
[Date "2021.02.09"]
[EventDate "2021.02.09"]
[Round "2.34"]
[White "Peach, Clifford B"]
[WhiteElo "1448"]
[WhiteTeam "Plymouth 2"]
[Black "Kashanin, Daniil"]
[BlackElo "1384"]
[BlackTeam "St Benildus D"]
[Result "1/2-1/2"]
[PlyCount "67"]

1. Nf3 Nf6 2. d4 g6 3. e3 Bg7 4. b3 O-O 5. Bb2 d6 6. Be2 Bf5 7. Bd3 Bxd3 8. Qxd3 Nbd7 9. Qd1 e5 10. dxe5 dxe5 11. O-O e4 12. Nfd2 Nb6 13. Re1 Qd6 14. Nf1 Qc6 15. c4 Rad8 16. Qc1 Nbd7 17. Rd1 Nc5 18. Bd4 Nd3 19. Qc2 Ng4 20. Bxg7 Kxg7 21. Qc3+ Kg8 22. Rd2 Qc5 23. Re2 Qh5 24. Qc2 Qe5 25. Qc3 Qf5 26. Qc2 Rfe8 27. h3 Nge5 28. Ng3 Qf6 29. Nc3 Nf3+ 30. gxf3 exf3 31. Rd2 Nb4 32. Qc1 Nd3 33. Qc2 Nb4 34. Qc1 1/2-1/2